Most Streamed System Of A Down Songs - Statistics

General Stats
  • This quiz has been taken 106 times
    31 since last reset
  • The average score is 14 of 20
Answer Stats
# Streams Answer % Correct
4 868,803,881 Aerials
100%
1 1,900,160,601 Chop Suey!
100%
5 789,411,376 B.Y.O.B.
95%
2 1,438,748,325 Toxicity
95%
7 330,061,960 Hypnotize
91%
6 412,126,059 Sugar
91%
3 937,289,424 Lonely Day
82%
9 251,729,050 Radio/Video
77%
12 202,292,343 Spiders
77%
13 200,404,610 Prison Song
68%
11 224,633,328 I-E-A-I-A-I-O
64%
17 148,054,902 Deer Dance
55%
15 169,396,028 Lost In Hollywood
55%
16 168,505,268 Question!
55%
14 191,206,641 Cigaro
50%
8 270,608,769 Violent Pornography
50%
10 236,891,635 ATWA
45%
18 123,478,814 Soldier Side
41%
19 114,309,445 Roulette
32%
20 113,778,479 Vicinity Of Obscenity
27%
No matching quizzes found
Score Distribution
Percent of People with Each Score
Percentile by Number Answered
Your Score History
You have not taken this quiz since the last reset